[Event "Sochi ChessAmateur op"]
[Site "Sochi"]
[Date "2018.04.07"]
[Round "9"]
[White "Luzhetsky, Vladislav"]
[Black "Batyaev, Dmitri A"]
[Result "0-1"]
[WhiteElo "1247"]
[BlackElo "1631"]
[PlyCount "107"]
[EventDate "2018.04.01"]
[EventType "swiss"]
[EventRounds "9"]
[EventCountry "RUS"]
[SourceTitle "CBM 184 Extra"]
[Source "ChessBase"]
[SourceDate "2018.06.28"]
[SourceVersion "1"]
[SourceVersionDate "2018.06.28"]
[SourceQuality "1"]

1. e4 c6 2. d4 d5 3. exd5 cxd5 4. Bd3 Nc6 5. Nf3 Bg4 6. c3 e6 7. 0-0 Nf6 8. h3 Bh5 9. Nbd2 Bd6 10. Qb3 Qc7 11. Re1 Bxf3 12. Nxf3 0-0 13. Bg5 Nd7 14. Qc2 h6 15. Bd2 Rab8 16. a4 Na5 17. Be3 Nb6 18. Nd2 Rfc8 19. Bh7+ Kh8 20. Bd3 Nac4 21. Nxc4 dxc4 22. Be4 Qd7 23. a5 Nd5 24. Qa4 Qc6 25. Bf3 Kg8 26. Bd2 Kf8 27. Kf1 Qxa4 28. Rxa4 b5 29. axb6 Rxb6 30. Bxd5 exd5 31. Rxa7 Rxb2 32. Rd7 Rb6 33. g3 Re8 34. h4 Rxe1+ 35. Kxe1 Ke8 36. Ra7 Be7 37. Ra5 Rd6 38. Bf4 Rd7 39. Ke2 f6 40. Kf3 Kf7 41. Kg4 g5 42. hxg5 hxg5 43. Bc1 Kg6 44. f4 f5+ 45. Kf3 g4+ 46. Kf2 Bd8 47. Rb5 Kf6 48. Rb2 Ra7 49. Re2 Ba5 50. Bd2 Rb7 51. Be1 Rb3 52. Re3 Rb2+ 53. Kf1 Rc2 54. Kg1 0-1

[Event "Sochi ChessAmateur op"]
[Site "Sochi"]
[Date "2018.04.06"]
[Round "8"]
[White "Melnikova, Anna"]
[Black "Luzhetsky, Vladislav"]
[Result "1/2-1/2"]
[WhiteElo "1496"]
[BlackElo "1247"]
[PlyCount "97"]
[EventDate "2018.04.01"]
[EventType "swiss"]
[EventRounds "9"]
[EventCountry "RUS"]
[SourceTitle "CBM 184 Extra"]
[Source "ChessBase"]
[SourceDate "2018.06.28"]
[SourceVersion "1"]
[SourceVersionDate "2018.06.28"]
[SourceQuality "1"]

1. e4 c5 2. c3 d5 3. exd5 Qxd5 4. Nf3 Nf6 5. d4 Bg4 6. Be2 e6 7. h3 Bh5 8. Be3 cxd4 9. Nxd4 Bxe2 10. Qxe2 Qxg2 11. Qb5+ Nc6 12. Rf1 Rb8 13. Nd2 Be7 14. 0-0-0 Qd5 15. Qa4 b5 16. Qb3 Nxd4 17. Bxd4 Qxb3 18. Nxb3 0-0 19. Rg1 a6 20. Nc5 Bxc5 21. Bxf6 g6 22. Rg2 Rb7 23. h4 Be7 24. Bxe7 Rxe7 25. h5 Kg7 26. Rh1 Rd7 27. h6+ Kg8 28. Kc2 Rfd8 29. f4 Rd5 30. Rhh2 Kf8 31. b4 Ke7 32. Rg5 Rxg5 33. fxg5 Rd5 34. Rg2 f6 35. gxf6+ Kxf6 36. Kb3 g5 37. a4 Kg6 38. Re2 Rd6 39. axb5 axb5 40. Re5 g4 41. Rxb5 g3 42. Rb8 Kxh6 43. b5 Kh5 44. Kc4 Rd5 45. Rg8 Rg5 46. Rxg5+ Kxg5 47. b6 g2 48. b7 g1Q 49. b8Q 1/2-1/2

[Event "Sochi ChessAmateur op"]
[Site "Sochi"]
[Date "2018.04.04"]
[Round "5"]
[White "Luzhetsky, Vladislav"]
[Black "Karlov, Egor"]
[Result "0-1"]
[WhiteElo "1247"]
[BlackElo "1742"]
[PlyCount "64"]
[EventDate "2018.04.01"]
[EventType "swiss"]
[EventRounds "9"]
[EventCountry "RUS"]
[SourceTitle "CBM 184 Extra"]
[Source "ChessBase"]
[SourceDate "2018.06.28"]
[SourceVersion "1"]
[SourceVersionDate "2018.06.28"]
[SourceQuality "1"]

1. e4 e6 2. d4 d5 3. e5 c5 4. c3 Nc6 5. Nf3 Qb6 6. Bd3 Bd7 7. dxc5 Bxc5 8. 0-0 d4 9. Qe2 dxc3 10. Nxc3 Nd4 11. Nxd4 Bxd4 12. Nb5 Bxb5 13. Bxb5+ Kf8 14. Be3 Bxe3 15. fxe3 Ne7 16. Bc4 Nf5 17. Rae1 Rc8 18. Bb3 Ke7 19. Qf3 Rhf8 20. Rf2 Rc7 21. Qe4 Rfc8 22. g4 Rc1 23. Rfe2 Rxe1+ 24. Rxe1 Nh6 25. Qxh7 Qb4 26. Re2 Qxg4+ 27. Rg2 Rc1+ 28. Kf2 Qh4+ 29. Ke2 Re1+ 30. Kd3 Rxe3+ 31. Kc2 Qd4 32. Rxg7 Re2+ 0-1